• 首页
  • 本馆介绍
  • 公告通知
  • 最新文献
  • 馆藏检索
  • 电子资源
  • 读者导购
  • 参考咨询
  • 我的图书馆
  • 登录
  • 详细信息显示
  • 放入我的书架
  • 预约/预借图书
  • 作者相关作品
  • 分类相关作品
  • 丛书相关作品
  • 出版社相关作品

书目信息

  • 表格格式
  • 工作单格式
  • 卡片格式
题名:
中国近代军阀史词典
    
 
作者: 田子渝 , 刘德军 主编
分册:  
出版信息: 北京   档案出版社  1989.12
页数: 625页
开本: 20cm
丛书名:
单 册:
中图分类: K25-61
科图分类:
主题词: 中国--历史--1840~1949
电子资源:
ISBN:
000 00603nam0 2200205 45
001 0312221749
005 20061114151530.60
010    @dCNY17.00
100    @a20031222d1989 km y0chiy0120 ea
101    @achi
105    @a z 000yy
200 1  @a中国近代军阀史词典@AZhong Guo Jin Dai Jun Fa Shi Ci Dian@f田子渝,刘德军主编@FTian Zi Yu,Liu De Jun Zhu Bian
210    @a北京@c档案出版社@d1989.12
215    @a625页@d20cm
606 0  @a中国@x历史@z1840~1949
690    @aK25-61@v3
701 0  @a田子渝@4主编
701 0  @a刘德军@4主编
801    @aCN@bTSTCL@c20061114
905    @a213230@dK25-61@e99
    
    中国近代军阀史词典/田子渝,刘德军主编.-北京:档案出版社,1989.12
    625页;20cm
    
    
    ISBN :CNY17.00
    
●
相关链接 在E读中查询图书 在五车中查询图书 在当当中查询图书 在豆瓣中查询图书


正题名:中国近代军阀史词典     索取号:K25-61/99         预约/预借

序号 登录号 条形码 馆藏地/架位号 状态 备注
1 0231684   202083574   第二样本阅览室/ [索取号:K25-61/99] 在馆    
唐山师范学院图书馆 欢迎您!
大连网信软件有限公司© 版权所有